000 01157nas a2200385 4500
001 BR2016001725
003 BR-BrBNA
005 20231205130309.0
007 ta
008 230509b bl.|||p| |||| 00| 00por d
040 _aBR-BrBNA
_bpor
_cBiblioteca Nacional de Agricultura
041 _a(En)
072 _aL73
100 1 _aBraga, E.T.
100 1 _aLeite, J.H.A. de C.
100 1 _aRosa, F.A.
100 1 _aTivelli, P.
100 1 _aAraújo, A.M.
100 1 _aAlmeida, B.F.M. de
100 1 _aFerrari, H.F.
100 1 _aCiarlini, P.C.
100 1 _aMachado, G.F.
100 1 _aMarcondes, M.
245 1 _aHypertension and its correlation with renal lesions in dogs with leishmaniosis
650 _aCAO
650 _aLEISHMANIOSE
650 _aDOENCA ANIMAL
650 _aHISTOPATOLOGIA
650 _aRIM
650 _aPRESSAO ARTERIAL
773 0 _tBrazilian Journal of Veterinary Parasitology (Brazil)
_xISSN 1984-2961
_g(Jan-Mar 2015), v. 24(1) p. 45-51
_wBR2016001725
856 4 0 _uhttp://www.scielo.br/pdf/rbpv/v24n1/1984-2961-rbpv-24-1-45.pdf
909 _a202311
_bLúcia
_c55
_dLúcia Elande
942 _2AGRIS
_n0
_cANA
999 _c248714
_d248714